00334nam a2200133Ia 4500008004100000041000800041082001400049100001800063245003300081250001400114260003000128300003100158365001100189240624s9999 xx 000 0 und d aeng a519.2 CHU aCHUNG KAI LAI aCOURSE IN PROBABILITY THEORY a(3rd ed.) c2005aNew DelhibElsevier axvi, : 419 : p. : cm. ; 23 cRSb25